| 000 | 00340nam a2200133Ia 4500 | ||
|---|---|---|---|
| 008 | 150202s9999 xx 000 0 und d | ||
| 020 | _a1565970497 | ||
| 050 |
_aFIC _bFIC |
||
| 100 | _aWhite, Ann Howard. | ||
| 245 |
_aAll but love / _cAnn Howard White. |
||
| 260 |
_aUSA : _c1993. |
||
| 300 |
_a220 pages : _c18 cm. |
||
| 650 | _aFiction. | ||
| 999 |
_c282487 _d282487 |
||